000 00243nam a2200097Ia 4500
008 200302s9999 xx 000 0 und d
100 _aHenri Stierlin & Other
245 _aAncient Mexico
260 _bBenedikt Taschen Verlag Gmbh
300 _a192 P.,
999 _c854
_d854